000 00698cam a2200241 a 4500
008
020 _a0130100579 (pbk.)
049 0 0 _aMAIN
090 _aHF1416
_bBRA
100 1 _aBradley, Frank.
245 1 0 _aInternational marketing strategy /
_cFrank Bradley.
250 _a3rd ed.
260 _aLondon :
_bPrentice Hall Europe,
_cc1999.
300 _axxvi, 574 p. :
_bill. ;
_c24 cm.
504 _aIncludes bibliographical references.
500 _aIncludes index.
650 0 _aExport marketing
_xManagement.
907 _a.b10295008
_b20-07-12
_c21-04-11
003
005 20230123125244.0
040 _cNUST
942 _cBOOKS
_kHF1416
_mBRA
999 _c138386
_d138386